00518nam a2200121Ia 4500008004100000041001200041082001200053100006200065245014200127260006600269300001500335536004600350211220s9999 xx 000 0 eng d aEnglish aRP.0333 aParida, Prasanta KuuKIIT UniversityvBhubaneswar, Odisha 0aImpact of watershed development programme on women : ba comparative study of Odisha, Madhya Pradesh and Jharkhand / cPrasanta Ku Parida aNew Delhi :bIndian Council oF Social Science Research,c2018 axxii, 95p. aIndian Council of Social Science Research